Charakteristika, postavenie a obsahové vymedzenie účtovnej politiky v účtovníctve podnikateľov ako významnej súčasti bilančnej politiky účtovnej jednotky

Účtovná politika konkrétneho podniku - teória.

Salvato in:
Dettagli Bibliografici
Autore principale: Podmanická, Martina, 1977-
Natura: Capitolo di libro
Lingua:slovacco
Soggetti:
Tags: Aggiungi Tag
Nessun Tag, puoi essere il primo ad aggiungerne!!

MARC

LEADER 00000naa$a2200000$$$4500
001 0231112
005 20240502073802.4
041 0 |a slo 
044 |a SK 
245 1 0 |a Charakteristika, postavenie a obsahové vymedzenie účtovnej politiky v účtovníctve podnikateľov ako významnej súčasti bilančnej politiky účtovnej jednotky  |c Martina Podmanická 
520 |a Účtovná politika konkrétneho podniku - teória. 
610 2 0 |a účtovníctvo 
610 2 0 |a politika 
610 2 0 |a predpisy 
610 2 0 |a IFRS 
100 1 |a Podmanická, Martina, 1977-